| 000 | 00855cam a2200241 a 4500 | ||
|---|---|---|---|
| 001 | 12104312 | ||
| 005 | 20180309084755.0 | ||
| 008 | 000712s2000 enka 001 0 eng | ||
| 010 | _a 00269915 | ||
| 020 | _a0323003907 | ||
| 040 |
_aDLC _cDLC _dDLC |
||
| 041 | _aeng | ||
| 042 | _apcc | ||
| 080 | _a615.854 | ||
| 082 | 0 | 0 |
_a615.854 GRO _221 |
| 100 | 1 | _a10 | |
| 101 | _aSHU | ||
| 245 | 1 | 0 |
_aFoundations and clinical applications of nutrition : _cMichele Grodner, Sara Long Anderson, and Sandra DeYoung. |
| 525 | _aOne computer optical disc in pocket attached to inside back cover. | ||
| 906 |
_a7 _bcbc _ccopycat _d2 _encip _f20 _gy-gencatlg |
||
| 942 |
_2ddc _cBK |
||
| 999 |
_c44622 _d44622 |
||